Cards in Yu-Gi-Oh Legend of Blue-Eyes White Dragon booster pack - Statistics

General Stats
  • This quiz has been taken 153 times
  • The average score is 24 of 126
Answer Stats
Hint Answer % Correct
001 Blue-Eyes White Dragon
98%
005 Dark Magician
68%
070 Red-Eyes B. Dragon
59%
006 Gaia the Fierce Knight
47%
058 Trap Hole
44%
059 Polymerization
42%
119 Pot of Greed
42%
125 Gaia the Dragon Champion
41%
066 Curse of Dragon
39%
003 Flame Swordsman
39%
118 Monster Reborn
39%
007 Celtic Guardian
38%
053 Raigeki
38%
000 Tri-Horned Dragon
38%
124 Exodia the Forbidden One
36%
075 Man Eater
36%
050 Umi
36%
052 Dark Hole
35%
051 Yami
35%
123 Left Arm of the Forbidden One
33%
121 Left Leg of the Forbidden One
33%
048 Mountain
33%
122 Right Arm of the Forbidden One
33%
120 Right Leg of the Forbidden One
33%
046 Forest
30%
062 Mystical Elf
30%
068 Giant Soldier of Stone
29%
049 Sogen
29%
016 Flame Manipulator
27%
108 Man-Eater Bug
27%
101 Swords of Revealing Light
27%
038 Masaki the Legendary Swordsman
26%
010 Silver Fang
26%
024 Petit Dragon
24%
004 Skull Servant
24%
008 Basic Insect
23%
092 Dragon Treasure
23%
018 Firegrass
23%
057 Fissure
23%
002 Hitotsu-Me Giant
23%
047 Wasteland
23%
064 Beaver Warrior
21%
019 Darkfire Dragon
21%
009 Mammoth Graveyard
21%
027 Aqua Madoor
18%
022 Fusionist
18%
110 Hane-Hane
18%
056 Hinotama
18%
040 Legendary Sword
18%
069 Uraby
18%
041 Beast Fangs
17%
113 Lesser Dragon
17%
025 Petit Angel
17%
043 Book of Secret Arts
15%
088 Dark Energy
15%
076 M-Warrior #1
15%
077 M-Warrior #2
15%
037 Mystical Sheep #2
15%
071 Reaper of the Cards
15%
106 Armed Ninja
14%
045 Dragon Capture Jar
14%
093 Electro-Whip
14%
017 Monster Egg
14%
013 Nemuriko
14%
054 Red Medicine
14%
105 Skull Red Bird
14%
086 Dragoness the Wicked Knight
12%
029 Flame Ghost
12%
034 Green Phantom King
12%
026 Hinotama Soul
12%
036 King Fog
12%
097 Raise Body Heat
12%
060 Remove Trap
12%
078 Spirit of the Harp
12%
063 Tyhone
12%
090 Vile Germs
12%
042 Violet Crystal
12%
114 Darkworld Thorns
11%
085 Fireyarou
11%
107 Flower Wolf
11%
074 Hard Armor
11%
039 Kurama
11%
089 Laser Cannon Armor
11%
083 Meda Bat
11%
035 Ray & Temperature
11%
055 Sparks
11%
103 Spike Seadra
11%
033 The Furious Sea King
11%
012 Trial of Nightmare
11%
061 Two-Pronged Attack
11%
072 Witty Phantom
11%
079 Armaill
9%
015 Charubin the Fire Knight
9%
011 Dark Gray
9%
084 Enchanting Mermaid
9%
021 Fiend Reflection #2
9%
028 Kagemusha of the Blue Flame
9%
067 Karbonala Warrior
9%
073 Larvas
9%
094 Mystical Moon
9%
032 Root Water
9%
109 Sand Stone
9%
091 Silver Bow and Arrow
9%
112 Steel Ogre Grotto #1
9%
080 Terra the Terrible
9%
014 The 13th Grave
9%
020 Dark King of the Abyss
8%
100 Final Flame
8%
065 Gravedigger Ghoul
8%
096 Machine Conversion Factory
8%
102 Metal Dragon
8%
087 One-Eyed Shield Dragon
8%
095 Stop Defense
8%
117 Succubus Knight
8%
023 Turtle Tiger
8%
030 Two-Mouth Darkruler
8%
031 Dissolverock
6%
115 Drooling Lizard
6%
098 Follow Wind
6%
082 Kumootoko
6%
111 Misairuzame
6%
104 Tripwire Beast
6%
116 Armored Starfish
5%
099 Goblin's Secret Remedy
5%
081 Frenzied Panda
2%
044 Power of Kashin
2%
No matching quizzes found
Score Distribution
Percent of People with Each Score
Percentile by Number Answered
Your Score History
You have not taken this quiz